01337 a2200169 45000010006000000050017000060080041000230030015000640400040000790800056001192450040001752640034002153000019002495050777002681000023010458560099010684725020260407155740.0260407a1969 arg spa dAR-UNSa-BCEJYS aAR-UNSa-BCEJYSbspacAR-UNSa-BCEJYS a519.2xProbabilidades y estadística matemática 10aEstadísticapTeoría y Problemas 1aMéxico :bMcGraw-Hillc1969 a356 p.c24 cm. a1. Variables gráficos - 2. Distribuciones de frecuencias - 3. Media, mediana, moda y otras medidas de tendencia central - 4. La desviación típica y otras medidas de dispersión - 5. Momentos, sesgo y curtósis - 6. Teoría elemental de probabilidades - 7. Las distribuciones binomial, normal y de Poisson - 8. Teoría elemental del muestreo - 9. Teoría de la estimación estadística - 10. Teoría estadística de las decisiones - 11. Teoría de pequeñas muestras - 12. Test JI-CUADRADO - 13. Ajuste de curvas y el método de mínimos cuadrados - 14. Teoría de la correlación - 15. Correlación múltiple y parcial - 16. Análisis de varianza - 17. Contrastes no paramétricos - 18. Análisis de series en el tiempo - 19. Números índice. 1 aSpiegel, Murray R.41uhttps://www.biblioeco.unsa.edu.ar/pmb/images/libros/L127443.jpgyImagen de portadaqimage/jpeg